00442nam a2200157Ia 4500008004100000020001500041082001500056100005200071245004300123250000700166260003700173300002500210500001900235600001500254650001500269240925s9999 xx 000 0 und d a013034804X a658.15 FER aFerris, Kenneth R.; Petitt, Barbara S. Pecherot 0aValuation: Avoiding the Winner's Curse aNA aNew York:bPrentice Hallc,2002. a271p.bN.AfOriginal aIncludes Index aManagement aManagement